| 000 | 00523nam a22001817a 4500 | ||
|---|---|---|---|
| 005 | 20240611131639.0 | ||
| 008 | 240611b |||||||| |||| 00| 0 eng d | ||
| 020 | _a9780471003977 | ||
| 082 |
_a004.6 _bCHA-Q |
||
| 100 | _aChao, H.Jonathan | ||
| 245 |
_aQuality of service control in high-speed networks / _cXiaolei Guo |
||
| 260 |
_aUSA: _bWiley; _c2002. |
||
| 300 |
_a432 p. : _bill; _c23 cm. |
||
| 500 | _aincludes index. | ||
| 650 | _acomputer science/ web operating system | ||
| 700 | _aXiaolei Guo | ||
| 999 |
_c35893 _d35893 |
||